000 00652nam a2200205 a 4500
001 16837
003 CO-ViMGA
008 141112s2004 ck r 000 u spa d
020 _a8425419344
040 _aCO-ViMGA
_bspa
_cCO-ViMGA
082 0 4 _aR301.03 H455
100 1 _aHillman, Karl - Heinz; Hartfiel, Günter; Marinez Riu, Antoni
_923810
245 1 0 _aDiccionario Enciclopedico de Sociología
260 _aBarcelona (España) :
_bHerder,
_c2001
300 _a1016.p.
590 _aForma de adquisición : Premio - Mincultura
650 1 4 _aCIENCIAS SOCIALES - DICCIONARIO
_923811
650 1 4 _aSOCIOLOGIA - DICCIONARIOS
_923812
942 _2ddc
_cBK
999 _c26480
_d26480